Law and practice of islamic banking and finance : Dr. Nik Norzrul Thani , Mohamed Ridza Mohamed Abdullah , Megat Hizaini Hassan

Bibliographic Details
Main Author: Norzrul Thani, Dr. Nik
Other Authors: Hizaini Hassan, Megat, Mohamed Ridza Mohamed Abdullah
Format: Book
Published: Kuala Lumpur : Malayan Law Journal Sdn.Bhd , 2003
Subjects:

MARC

LEADER 00000cam a2200000 7i4500
001 0000016716
005 20090219.0
008 080428
020 |a 9839088769 
090 0 0 |a 340   |b NOR 
100 1 |a Norzrul Thani, Dr. Nik 
245 1 0 |a Law and practice of islamic banking and finance :   |b Dr. Nik Norzrul Thani , Mohamed Ridza Mohamed Abdullah , Megat Hizaini Hassan 
260 |a Kuala Lumpur :   |b Malayan Law Journal Sdn.Bhd ,   |c 2003 
500 |a Includes index 
504 |a Includes bibliographical references 
650 0 |a Banking law (Islamic law)   |z Malaysia 
650 0 |a Banks and banking   |x religious aspects   |x Islam 
650 0 |a Finance (Islamic)   |z Malaysia 
700 1 |a Hizaini Hassan, Megat 
700 1 |a Mohamed Ridza Mohamed Abdullah 
999 |a 0001011635   |b Book   |c Adult Collection   |e Cawangan Urban Transformation Centre 
999 |a 0001020341   |b Book   |c REFERENCE   |e Perbadanan Perpustakaan Awam Johor